000 00385nam a2200145Ia 4500
008 230411s9999 xx 000 0 und d
020 _a81-250-2739-4
041 _aeng
082 _aX/820/KUL/B04219
100 _aKulkarni V G & Phondke Bal
_9178167
245 _aInventions And Discoveries
260 _bOrient Longman
_aMumbai
_c2004
300 _a209p
999 _c154923
_d154923